Кино-музыка: Ноты. № 10: Альбом № 10 (Запись № 12503219)

Подробности
000 -МАРКЕР
контрольное поле 03481ncm2a2200385 4500
001 - ИДЕНТИФИКАТОР ЗАПИСИ
контрольное поле RU\NLR\ONIZ\298717
005 - ИДЕНТИФИКАТОР ВЕРСИИ
контрольное поле 20250625090122.0
035 ## - ДРУГИЕ СИСТЕМНЫЕ НОМЕРА
Идентификатор записи (NLR Aleph) 022017863
100 ## - ДАННЫЕ ОБЩЕЙ ОБРАБОТКИ
Данные общей обработки 20230804d1930 |||y0rusy50 ca
101 0# - ЯЗЫК РЕСУРСА
Язык текста, звукозаписи и т.д. русский
102 ## - СТРАНА ПУБЛИКАЦИИ ИЛИ ПРОИЗВОДСТВА
Страна публикации Российская Федерация
135 ## - ПОЛЕ КОДИРОВАННЫХ ДАННЫХ: ЭЛЕКТРОННЫЕ РЕСУРСЫ
Кодированные данные для электронного ресурса crcn 024anaba
145 0# - ПОЛЕ КОДИРОВАННЫХ ДАННЫХ: СРЕДСТВО ИСПОЛНЕНИЯ МУЗЫКАЛЬНОГО ПРОИЗВЕДЕНИЯ (УСТАРЕВШЕЕ)
Тип средства исполнения b
200 1# - ЗАГЛАВИЕ И СВЕДЕНИЯ ОБ ОТВЕТСТВЕННОСТИ
Основное заглавие Альбом № 10
Общее обозначение материала Ноты
Первые сведения об ответственности составил и редактировал Д. С. Блок
203 ## - ВИД СОДЕРЖАНИЯ И ТИП СРЕДСТВА
Вид содержания Музыка
Дополнительные сведения об издании
--
Тип средства непосредственная
210 ## - ПУБЛИКАЦИЯ, РАСПРОСТРАНЕНИЕ И ДР.
Место издания, распространения и т.д. Ленинград
Имя издателя, распространителя и т. д. Теа-кино-печать
Дата издания, распространения и т.д. [1930]
215 ## - ФИЗИЧЕСКАЯ ХАРАКТЕРИСТИКА
Специфическое обозначение материала и объем 28 с.
Другие сведения о физической характеристике ил.
Размеры 34 см
313 ## - ПРИМЕЧАНИЯ, ОТНОСЯЩИЕСЯ К ТЕМАТИЧЕСКОМУ ДОСТУПУ
Текст примечания Систематизация документа проведена по изданию - Методика классифицирования музыкальных произведений (нотных изданий) по таблицам Библиотечно-библиографических классификаций : метод. рекомендации / Гос. б-ка СССР им. В.И. Ленина.- М., 1977. Индексу ББК методических рекомендаций присваивается код ББК для научных библиотек - LBC/SL
325 ## - ПРИМЕЧАНИЕ О КОПИИ
Текст примечания Копия доступна в Электрон. б-ке РНБ
327 1# - ПРИМЕЧАНИЯ О СОДЕРЖАНИИ
Текст примечания № 110. Лес - Утро - Журчание ручейка - Порхание птичек / Шаминад. № 111. Русский фильм - Печаль - Осиротевшие - Мрачное настроение / Ребиков. № 112. Комедия - Веселая беседа - Игры / Латан. № 113. Историч. фильм - Средневековье - Старый замок - Драматич. эпизод / Воттава. № 114. Тихая лунная ночь - Спокойная созерцательная лирика : [ноктюрн : ор. 72 № 1]/ Шопен. № 115. Драматический эпизод - Сомнение - Бурное объяснение / Невин. № 116. Бытовой фильм - Русская деревня - Веселый эпизод / Ландри. № 117. Балетная сцена - 19-й век - Игры в саду - Веселье : [вальс : op. posth.]/ Шопен. № 118. Север - Меланхолия - Грустные воспоминания / Григ. № 119. Исторический фильм - 16-й век - Дворцовый бал - Гавот / Фельтман.
461 #0 - УРОВЕНЬ НАБОРА
Встроенное поле 001RU\NLR\ONIZ\298618
-- 2001#$aКино-музыка$bНоты$eнотные альбомы$eпособие для кино-иллюстраторов$v№ 10
Системный номер (АБИС) связанной записи 12503183
Место публикации Ленинград
Дата публикации 1928-1930
Сведения, относящиеся к заглавию нотные альбомы : пособие для кино-иллюстраторов
Заглавие Кино-музыка: Ноты
Номер тома № 10
702 #1 - ИМЯ ЛИЦА - ВТОРИЧНАЯ ОТВЕТСТВЕННОСТЬ
Системный номер авторитетной/нормативной записи z01790
Начальный элемент ввода Блок
Часть имени, кроме начального элемента ввода Д. С.
Даты 1888-1948
Расширение инициалов личного имени Давид Семенович
Код отношения Редактор
-- Составитель
Графика поля Кириллица
790 #1 - ИМЯ ЛИЦА - АЛЬТЕРНАТИВНАЯ ФОРМА
Системный номер авторитетной/нормативной записи z01702
Начальный элемент ввода Blok
Часть имени, кроме начального элемента ввода D. S.
Даты 1888-1948
Расширение инициалов личного имени David Semjonovič
Код отношения Редактор
-- Составитель
Графика поля Латинская
801 #0 - ИСТОЧНИК ЗАПИСИ
Страна Российская Федерация
Организация NLR
Дата составления 20230804
Правила каталогизации PSBO
801 #1 - ИСТОЧНИК ЗАПИСИ
Страна Российская Федерация
Организация NLR
Дата составления 20230804
Источник данных rusmarc
801 #2 - ИСТОЧНИК ЗАПИСИ
Страна Российская Федерация
Организация NLR
Дата составления 20230804
852 ## - МЕСТОНАХОЖДЕНИЕ И ШИФР ХРАНЕНИЯ
Идентификатор организации NLR
Наименование фонда или коллекции (Sub-Location Identifier) М
Шифр хранения (Call Number) 255-4/27(10)
Страна
Номер экземпляра 1
942 ## - ДОПОЛНИТЕЛЬНЫЕ ЭЛЕМЕНТЫ ЗАПИСИ (АБИС)
Тип экземпляра АБИС Ноты
980 ## - КОЛЛЕКЦИЯ
Название коллекции Национальная библиография
980 ## - КОЛЛЕКЦИЯ
Название коллекции Отдел нот и звукозаписей
981 24 - КОЛЛЕКЦИЯ ЭЛЕКТРОННОЙ БИБЛИОТЕКИ
Название коллекции Нотные издания и аудиозаписи
Экземпляры
Тип экземпляра Дата поступления Библиотека постоянного хранения Библиотека текущего хранения Место хранения Шифр хранения Статус экземпляра
Ноты 04.08.2023 РНБ (Московский) РНБ (Московский) Фонд нот и звукозаписей 255-4/27(10) 255-4/27(10)